000 00433nam a2200169 i 4500
001 bg
245 0 _a22 błędy w fakturach kwestionowane przez urząd skarbowy.
260 _aWarszawa,
_c2004.
490 1 _aWydaw. "Wiedza i Praktyka"
650 9 _aPodatek VAT
830 _aWydaw. "Wiedza i Praktyka"
040 _cBPK
041 _apol
080 _a336.22(438)
942 _cKS
008 s pl f |000 0 pol
999 _c49737
_d49737
856 _uhttp://koha.tu.koszalin.pl/cgi-bin/koha/opac-detail.pl?biblionumber=49737
_yKatalog online BPK